Welcome to WEB OPAC of MRSPTU Central Library

Dairy Processing : Improving Quality (Record no. 7397)

MARC details
000 -LEADER
fixed length control field 00430nam a2200169Ia 4500
008 - FIXED-LENGTH DATA ELEMENTS--GENERAL INFORMATION
fixed length control field 230711s9999||||xx |||||||||||||| ||und||
020 ## - INTERNATIONAL STANDARD BOOK NUMBER
International Standard Book Number 0-8493-1758-4
041 ## - LANGUAGE CODE
Language code of text/sound track or separate title ENG
082 ## - DEWEY DECIMAL CLASSIFICATION NUMBER
Classification number 637
Item number SM-D
100 ## - MAIN ENTRY--PERSONAL NAME
Personal name Smit,Gerrit
245 #0 - TITLE STATEMENT
Title Dairy Processing : Improving Quality
250 ## - EDITION STATEMENT
Edition statement 1st Ed.
260 ## - PUBLICATION, DISTRIBUTION, ETC.
Date of publication, distribution, etc. 2003
Place of publication, distribution, etc. Camberidge
Name of publisher, distributor, etc. Woodhead Publishing Ltd
300 ## - PHYSICAL DESCRIPTION
Extent 546p.
650 ## - SUBJECT ADDED ENTRY--TOPICAL TERM
Topical term or geographic name entry element Food Science and Technology
942 ## - ADDED ENTRY ELEMENTS (KOHA)
Koha item type Book
Holdings
Withdrawn status Lost status Damaged status Not for loan Collection Home library Current library Date acquired Source of acquisition Cost, normal purchase price Inventory number Total checkouts Full call number Barcode Date last seen Date last checked out Price effective from Koha item type
          MRSPTU Central Library MRSPTU Central Library   INDICA PUBLISHERS & DISTRIBUTORS PVT.LTD 1995.00 1790/2017-201843171 1 637 SM-D P1392 08/23/2024 08/07/2024 08/17/2023 Book

Website Designed and Developed by MRSPTU Central Library Team

E-mail Id: librarian@mrsptu.ac.in